|
|
|
|
| LEADER |
00000nab a2200000 a 4500 |
| 001 |
vtls008162226 |
| 003 |
SK-MaSNL |
| 005 |
20260303080206.0 |
| 008 |
160322c2005 xo mr|p|||||||000 b|slo |
| 015 |
|
|
|a SNBRB2005/06
|2 snkbucl
|
| 038 |
|
|
|a SNKBUCL
|
| 040 |
|
|
|a SNKBUCL
|b slo
|c SNKBUCL
|e AACR2
|
| 041 |
0 |
|
|a slo
|
| 044 |
|
|
|a xo
|c SK
|
| 080 |
|
|
|a 77.041.5
|2 UDC-MRF-SK2
|
| 080 |
|
|
|a 929 Huszár, Tibor
|2 UDC-MRF-SK2
|
| 080 |
|
|
|a 929 Špirko, Ľubo
|2 UDC-MRF-SK2
|
| 100 |
1 |
|
|a Pauer, Marián,
|d 1945-
|4 aut
|4 ivr
|9 92776
|
| 245 |
1 |
0 |
|a 1+1
|b tvár je mapa krajiny človeka
|c Marián Pauer, Tibor Huszár, Ľubo Špirko
|
| 300 |
|
|
|b Fotogr.
|
| 600 |
1 |
7 |
|a Huszár, Tibor,
|d 1952-2013
|2 snkbucl
|9 101395
|
| 600 |
1 |
7 |
|a Špirko, Lubo,
|d 1965-
|2 snkbucl
|9 204685
|
| 650 |
0 |
7 |
|a portrétna fotografia
|2 snkbucl
|9 66695
|
| 700 |
1 |
|
|a Huszár, Tibor,
|d 1952-2013
|4 aut
|4 ive
|9 101395
|
| 700 |
1 |
|
|a Špirko, Lubo,
|d 1965-
|4 aut
|4 ive
|9 204685
|
| 773 |
0 |
|
|t DiGi revue
|g Roč. 1, č. 3 (2005), s. 14-19
|x 1336-5754
|
| 852 |
|
|
|a SNK
|b KIS3GCP
|
| 958 |
|
|
|a BX
|
| 999 |
|
|
|c 1779430
|d 1781360
|